00793nam a2200229 i 4500001000400000100002300004245011400027250001300141260005800154300002800212490002500240500006100265504003100326505004100357650003000398700002400428830002500452020002100477040000800498041001600506008004100522bgj1 aCHAUCER, Geoffrey.10aThe Canterbury Tales /cGeoffrey Chaucer ; a verse translated with an introduction and notes by David Wright. a[Repr.]. aOxford ;aNew York :bOxford University Press,c1989. aXXVII, 482 pp ;c19 cm.1 aThe World's Classics aReprint to the 1st World's Classics pbk edition of 1986. aBibliography p. XXIII-XXV. aIncludes a chronology of the author. 9aEnglish poetryy1066-14001 aWRIGHT, David.eed. aThe World's Classics a0192815970 (pbk) cBPK1 aenghold en s uk f |000 0 eng